000 00324nam a22001457a 4500
008 210511b ||||| |||| 00| 0 eng d
020 _a2900205744120
041 _aeng
080 _25th
_a37
082 _a37
100 _a46
101 _aEDU
245 _aThe new Century Handbook
_cChristine A. Hult
942 _2udc
_cBK
999 _c57179
_d57179